000 00536nam a2200169Ia 4500
003 GCL
008 140319s9999 xx 000 0 ara d
040 _aGCL /
_cGCL
082 0 4 _a962.45
_bع ح
100 1 _aعمر مرسى
245 1 0 _aحوار حول مشكلةالجنوب السودانى /
_cعمر مرسى
300 _a219 ص
490 _aتحت دائرة الضوء
_v0
650 0 4 _aالسودان - تاريخ - العصر الحديث
650 0 4 _aالسودان - الاحوال السياسية
942 _2ddc
_cBK
999 _c48326
_d48326